Vplyv daňových stimulov na podnikateľské prostredie v Slovenskej republike bakalárska práca

Salvato in:
Dettagli Bibliografici
Autore principale: Hrtánek, Roman
Ente Autore: Národohospodárska fakulta EU. Katedra financií
Altri autori: Rimeš, Michal, 1996-
Natura: Libro
Lingua:slovacco
Pubblicazione: Bratislava 2024
Tags: Aggiungi Tag
Nessun Tag, puoi essere il primo ad aggiungerne!!

MARC

LEADER 00000nbm a2200000 4500
001 0304034
005 20250529093109.5
041 0 |a slo 
044 |a SK 
245 1 0 |a Vplyv daňových stimulov na podnikateľské prostredie v Slovenskej republike  |b bakalárska práca  |c Roman Hrtánek ; školiteľ: Michal Rimeš 
264 1 |a Bratislava  |c 2024 
300 |a 40 s. 
100 1 |a Hrtánek, Roman 
700 1 |a Rimeš, Michal, 1996- 
710 2 |a Národohospodárska fakulta EU. Katedra financií